| 000 | 00693nam a2200241Ia 4500 | ||
|---|---|---|---|
| 005 | 20260704175957.0 | ||
| 008 | 260704s9999||||xx |||||||||||||| ||und|| | ||
| 020 |
_a8179922324 _qpbk |
||
| 020 |
_a9788179922323 _qpbk |
||
| 082 |
_a158.1 _bSHA |
||
| 100 | _aSharma, Robin | ||
| 245 | 0 | _aWho will cry when you die? : life lessons from the monk who sold his Ferrari | |
| 250 | _a1st imp. 2003 ; 83rd imp. 2015 | ||
| 260 |
_aMumbai _bJaico Publishing House _c2003 |
||
| 300 | _axx, 225p. ; 17cm. | ||
| 653 | _aConduct of life | ||
| 653 | _aMotivation (Psychology) | ||
| 653 | _aQuality of life | ||
| 653 | _aSelf-realization | ||
| 653 | _aSuccess | ||
| 653 | _aSuccess | ||
| 942 | _cBK | ||
| 999 |
_c57357 _d57357 |
||